Financial institutions and markets / (Record no. 3862)
[ view plain ]
| 000 -LEADER | |
|---|---|
| fixed length control field | 01678pam a2200205 a 4500 |
| 020 ## - INTERNATIONAL STANDARD BOOK NUMBER | |
| ISBN | 1557868972 (pbk.) |
| 022 ## - INTERNATIONAL STANDARD SERIAL NUMBER | |
| ISSN | 9781557868978 |
| 050 00 - CALL NUMBER | |
| Classification number | HG181 |
| Item number | .K65 |
| 100 1# - AUTHOR | |
| Personal name | Kolb, Robert W., |
| 245 10 - TITLE | |
| Title | Financial institutions and markets / |
| Statement of responsibility, etc | Robert W. Kolb, Richardo J. Rodríguez. |
| 250 ## - EDITION | |
| Edition statement | 2nd ed. |
| 260 ## - PUBLICATION INFORMATION | |
| Place of publication | Cambridge, Mass., USA : |
| Name of publisher | Blackwell Business, |
| Year of publication | 1996. |
| 300 ## - DESCRIPTION | |
| Number of Pages | xv, 691 p. : |
| Other physical details | ill. ; |
| Dimensions | 24 cm. + |
| Accompanying material | 1 computer disk (3 1/2 in.) |
| 500 ## - NOTES | |
| General note | Includes bibliographical references and index |
| 505 ## - FORMATTED CONTENTS NOTE | |
| Table of Content | Part 1 The financial system and the economy: the role of financial institutions and markets; the Federal Reserve in the US economy; the money supply and deposit expansion; the time value of money - single payments; the time value of money - series of payments. Part 2 The debt and equity market: the money market; the bond market; the level and structure of interest rates; the Stock Market; equity valuation; the primary market and investment banking; risk and return in securities markets. Part 3 Depository institutions: banks, thrift institutions and credit unions; regulation of depository institutions; operations and commercial banks; management of commercial banks; asset and liability management of commercial banks; international banking. Part 4 Non-depository financial institutions: financial conglomerates and subsidiaries; investment companies; insurance companies; pension funds. Part 5 Financial derivatives markets and risk management: the futures markets; the options market; the swaps market; financial engineering. |
| 650 #0 - SUBJECTS | |
| Topical Term | Finance |
| 650 #0 - SUBJECTS | |
| Topical Term | Financial institutions |
| 700 1# - OTHER AUTHORS | |
| Personal name | Rodríguez, Ricardo J. |
| 942 ## - ADDED ENTRY ELEMENTS (KOHA) | |
| Koha item type | Books |
| Withdrawn status | Lost status | Collection code | Home library | Current library | Shelving location | Date acquired | Full call number | Accession Number | Koha item type |
|---|---|---|---|---|---|---|---|---|---|
| Reference | Methodist University Library Main | Methodist University Library Main | General Stacks | 31/01/2013 | HG181 .K65 | 36896 | Books |